Statystyki dla Polskie miasta na literę "W"

Kliknij tutaj aby rozwiązać quiz!

Ogólne statystyki

  • Ten quiz został rozwiązany 1 265 razy
  • Średni wynik to 10 z 28

Statystyki odpowiedzi

ludnośćmiasto% Poprawnych
1 794 100Warszawa
99%
642 000Wrocław
96%
109 900Wałbrzych
68%
108 500Włocławek
61%
22 300Wieluń
43%
18 200Wadowice
42%
24 200Wieliczka
42%
10 000Władysławowo
40%
48 800Wejherowo
39%
24 800Wałcz
31%
11 000Wisła
31%
47 800Wodzisław
30%
37 100Wołomin
30%
27 000Wyszków
29%
30 300Września
28%
11 400Węgorzewo
24%
13 000Włodawa
24%
13 300Wąbrzeźno
23%
11 900Warka
23%
13 000Wolsztyn
23%
25 600Wągrowiec
22%
12 500Węgrów
22%
11 300Wronki
22%
10 100Włoszczowa
20%
12 400Wołów
15%
13 900Wschowa
15%
10 000Wysokie Mazowieckie
12%
11 000Wasilków
6%

Rozkład punktacji

Percentyl według liczby udzielonych odpowiedzi

Procent ludzi z każdym wynikiem

Twoja historia wyników

Nie rozwiązałeś tego quizu